000 00458cam5a220015700 4500
001 qce01265182
005 20190816102240.0
008 770322s1960 rh a 000 0 eng
035 _a(Sirsi) r39468
050 _aDT 856 GAL 1960
100 1 _aGale, W. D.
245 1 0 _aDeserve to be great :
_bthe story of Rhodesia and Nyasaland /
_cby W. D. Gale
260 _aBulawayo :
_bStuart Manning,
_c1960.
300 _a224p.
650 _aRhodesia and Nyasaland
999 _c86654
_d86654